01678nam a2200385 c 450000100060000000300100000600500170001600700030003300800410003602000180007702000180009504000350011304100080014808200180015610000410017424501720021525000220038726400430040930000180045233600270047033700330049733800280053049000310055850000580058950000460064750503620069352100380105553400340109365000290112765000210115665000240117765000210120165000420122270000280126458561CO-BoRNBP20250826211847.0ta200114s2015 sp gr 000 0 spa d a9788449328305 a9789584260956 aCO-BoRNBPbspaerdacCO-BoRNBP0 aspa04a303.385bN87n aNussbaum, Martha Craven,d1947-eaut13aLa nueva intolerancia religiosa :bcómo superar la política del miedo en una época de inseguridad /cMartha C. Nussbaum ; traducción de Albino Santos Mosquera. aPrimera edición 1aBarcelona, España :bPaidós,c2013 a335 páginas 2rdacontentatextobtxt 2rdamediaasin mediaciónbn 2rdacarrieravolumenbnc0 aPaidós estado y sociedad aIncluye datos biográficos de la autora en la solapa aIncluye índice analítico y de nombres aLa religión: tiempos de ansiedad y suspicacia -- El miedo: una emoción narcicista -- Los principios fundamentales: la igualdad de respeto en materia de conciencia -- La paja en el ojo ajeno: la imparcialidad y la vida examinada La <>: el respeto y la imaginación empática -- El caso de Park 51 Cómo superar la política del miedo aRecomendado para público adulto tThe new religious intolerance07aLibertad religiosa2lemb07aPrejuicios2lemb07aSegregación2lemb07aTolerancia2lemb07aToleranciaxAspectos religiosos2lemb aSantos Mosquera, Albino